[Event "Titled Tuesday intern op 16th Apr Early"]
[Site "Chess.com INT"]
[Date "2024.04.16"]
[Round "7"]
[White "Materia, Marco"]
[Black "Hajiyev, Kanan"]
[Result "1/2-1/2"]
[WhiteElo "2438"]
[BlackElo "2099"]
[PlyCount "89"]
[EventDate "2024.04.16"]
[EventType "swiss (blitz)"]
[EventRounds "11"]
[EventCountry "USA"]
[SourceTitle "CB17_2024"]
[SourceDate "2024.04.24"]
[SourceVersion "1"]
[SourceVersionDate "2024.04.24"]
[SourceQuality "1"]

1. Nf3 d5 2. e3 Nf6 3. b3 c5 4. Bb2 Nc6 5. c4 e6 6. cxd5 Nxd5 7. Be2 Be7 8. 0-0 0-0 9. Nc3 Bf6 10. Qc1 b6 11. Ne4 Bxb2 12. Qxb2 Bb7 13. Rac1 Qe7 14. Rfd1 Rfd8 15. d4 cxd4 16. Nxd4 Nxd4 17. Rxd4 Nf6 18. Rxd8+ Rxd8 19. Nxf6+ Qxf6 20. Qxf6 gxf6 21. Rc7 Rd2 22. Bh5 Rxa2 23. h4 Bd5 24. Bxf7+ Kf8 25. b4 a5 26. bxa5 bxa5 27. Bh5 h6 28. Rf7+ Kg8 29. Rxf6 a4 30. Bf3 Bb3 31. Rg6+ Kh7 32. Be4 Ra1+ 33. Kh2 a3 34. Rxe6+ Kg7 35. Rg6+ Kf8 36. Rb6 Bf7 37. Bg6 a2 38. Bxf7 Rh1+ 39. Kxh1 a1Q+ 40. Kh2 Kxf7 41. Rxh6 Qe5+ 42. Kg1 Qa1+ 43. Kh2 Qe5+ 44. Kg1 Qa1+ 45. Kh2 1/2-1/2

[Event "Noisiel op 9th"]
[Site "Noisiel"]
[Date "2024.04.06"]
[Round "1"]
[White "Toure, Ananth"]
[Black "Materia, Marco"]
[Result "0-1"]
[WhiteElo "2073"]
[BlackElo "2438"]
[PlyCount "92"]
[EventDate "2024.04.06"]
[EventType "swiss"]
[EventRounds "9"]
[EventCountry "FRA"]
[SourceTitle "CB16_2024"]
[SourceDate "2024.04.17"]
[SourceVersion "1"]
[SourceVersionDate "2024.04.17"]
[SourceQuality "1"]

1. e4 c5 2. Nf3 e6 3. b3 a6 4. Bb2 Nc6 5. Qe2 Qc7 6. g3 b5 7. Bg2 Nf6 8. 0-0 Be7 9. d3 d6 10. Nbd2 Bb7 11. Rfe1 0-0 12. h4 Nd7 13. Nf1 Bf6 14. Bxf6 Nxf6 15. c4 bxc4 16. dxc4 a5 17. Rad1 a4 18. Qb2 axb3 19. axb3 e5 20. Ne3 Nd4 21. Nxd4 cxd4 22. Nd5 Bxd5 23. exd5 Rab8 24. Qa3 Rb6 25. Rb1 Rfb8 26. Rec1 Rb4 27. Bf3 Nd7 28. Bd1 Nc5 29. Bc2 d3 30. Bd1 Qb6 31. Rb2 Ne4 32. Ra1 Nxg3 33. Qa7 Qxa7 34. Rxa7 Ne4 35. Rd7 h6 36. Bf3 f5 37. Ra2 Nf6 38. Rxd6 Rxb3 39. c5 e4 40. c6 Rc3 41. Bd1 Rb1 42. Rd2 e3 43. fxe3 Ne4 44. Rd8+ Kh7 45. Rg2 Rxd1+ 46. Kh2 Rcc1 0-1

[Event "Titled Tuesday intern op 02nd Apr Early"]
[Site "Chess.com INT"]
[Date "2024.04.02"]
[Round "6"]
[White "Materia, Marco"]
[Black "Titarov, Vasilii"]
[Result "1-0"]
[WhiteElo "2438"]
[BlackElo "2093"]
[PlyCount "101"]
[EventDate "2024.04.02"]
[EventType "swiss (blitz)"]
[EventRounds "11"]
[EventCountry "USA"]
[SourceTitle "CB15_2024"]
[SourceDate "2024.04.10"]
[SourceVersion "1"]
[SourceVersionDate "2024.04.10"]
[SourceQuality "1"]

1. Nf3 d6 2. d4 Nf6 3. c4 Bf5 4. Nc3 c6 5. g3 Ne4 6. Qb3 Nxc3 7. Qxc3 Be4 8. Bg2 e6 9. 0-0 d5 10. Re1 Be7 11. Bf1 0-0 12. Nd2 Bg6 13. e4 dxe4 14. Nxe4 Nd7 15. Bf4 Nf6 16. Nc5 b6 17. Nb3 a5 18. a3 a4 19. Nd2 c5 20. dxc5 Bxc5 21. Rad1 Bd4 22. Qc1 Ng4 23. Ne4 Bxe4 24. Rxe4 Bxf2+ 25. Kh1 Qc8 26. Bd6 Nf6 27. Rf4 Bc5 28. Bxf8 Qxf8 29. Bg2 Rc8 30. Qc2 Be3 31. Rff1 b5 32. Qe2 Qc5 33. cxb5 h5 34. Rd3 Bd4 35. h3 e5 36. Rdf3 Rb8 37. Rxf6 gxf6 38. Bc6 Qf8 39. Qxh5 Qg7 40. Qf3 Qg5 41. Rd1 Kg7 42. h4 Rh8 43. Qg2 Qg4 44. Kh2 Qf5 45. Rf1 Qg4 46. Bf3 Qg6 47. Be4 Qg4 48. Bf5 Qh5 49. Qh3 Qe2+ 50. Kh1 Qe4+ 51. Bxe4 1-0

[Event "Titled Tuesday intern op 02nd Apr Early"]
[Site "Chess.com INT"]
[Date "2024.04.02"]
[Round "2"]
[White "Peczely, Sebastian Zsombor"]
[Black "Materia, Marco"]
[Result "0-1"]
[WhiteElo "2310"]
[BlackElo "2438"]
[PlyCount "60"]
[EventDate "2024.04.02"]
[EventType "swiss (blitz)"]
[EventRounds "11"]
[EventCountry "USA"]
[SourceTitle "CB15_2024"]
[SourceDate "2024.04.10"]
[SourceVersion "1"]
[SourceVersionDate "2024.04.10"]
[SourceQuality "1"]

1. e4 c5 2. Nf3 e6 3. d4 cxd4 4. Nxd4 Nc6 5. Nc3 Qc7 6. Qd3 Nf6 7. Ndb5 Qb8 8. Qg3 d6 9. Be3 a6 10. Nd4 Bd7 11. f3 Ne5 12. 0-0-0 b5 13. f4 Neg4 14. Bg1 h5 15. h3 b4 16. hxg4 bxc3 17. Qxc3 Nxe4 18. Qe3 d5 19. Rxh5 Rxh5 20. gxh5 Bd6 21. Bh2 Qb6 22. h6 gxh6 23. Bg1 Rb8 24. Nb3 Qc7 25. Bh2 a5 26. Bd3 a4 27. Nd2 Qc3 28. Nb3 axb3 29. bxc3 b2+ 30. Kb1 Nxc3# 0-1

[Event "Titled Tuesday intern op 12th Mar Late"]
[Site "Chess.com INT"]
[Date "2024.03.12"]
[Round "1"]
[White "Materia, Marco"]
[Black "Shtivelband, Richard"]
[Result "1-0"]
[WhiteElo "2434"]
[BlackElo "2031"]
[PlyCount "43"]
[EventDate "2024.03.12"]
[EventType "swiss (blitz)"]
[EventRounds "11"]
[EventCountry "USA"]
[SourceTitle "CB12_2024"]
[SourceDate "2023.10.01"]
[SourceVersion "1"]
[SourceVersionDate "2023.10.01"]
[SourceQuality "1"]

1. Nf3 Nf6 2. c4 e6 3. Nc3 c5 4. d4 cxd4 5. Nxd4 Be7 6. g3 0-0 7. Bg2 Nc6 8. 0-0 a6 9. b3 Qa5 10. Bb2 Rd8 11. e4 d6 12. Qd2 Qh5 13. Rad1 Bd7 14. Rfe1 Rac8 15. Nde2 Ng4 16. h3 Nge5 17. Qe3 Nb4 18. Rd2 d5 19. Nf4 Qg5 20. exd5 Bc5 21. Qxe5 Qxg3 22. Ne4 1-0

[Event "Titled Tuesday intern op 13th Feb Early"]
[Site "Chess.com INT"]
[Date "2024.02.13"]
[Round "8"]
[White "Harikrishnan, A Ra"]
[Black "Materia, Marco"]
[Result "0-1"]
[WhiteElo "2443"]
[BlackElo "2434"]
[PlyCount "66"]
[EventDate "2024.02.13"]
[EventType "swiss (blitz)"]
[EventRounds "11"]
[EventCountry "USA"]
[SourceTitle "CB08_2024"]
[SourceDate "2024.02.21"]
[SourceVersion "1"]
[SourceVersionDate "2024.02.21"]
[SourceQuality "1"]

1. Nf3 d5 2. g3 Nf6 3. Bg2 e6 4. 0-0 Be7 5. d3 0-0 6. Nbd2 a5 7. e4 a4 8. a3 b5 9. Re1 c5 10. e5 Nfd7 11. Nf1 Nc6 12. h4 Bb7 13. Bf4 d4 14. h5 h6 15. N1h2 Nb6 16. Ng4 Nd5 17. Bd2 c4 18. Nfh2 cxd3 19. cxd3 Kh8 20. Be4 Na5 21. Qf3 Nb3 22. Bxh6 gxh6 23. Nxh6 f5 24. exf6 Bxf6 25. N2g4 Qe7 26. Rad1 Bg5 27. Qg2 Qg7 28. Bf3 Ne3 29. Rxe3 dxe3 30. Bxb7 exf2+ 31. Kf1 Ra7 32. Be4 Bxh6 33. Bg6 Rc7 0-1

[Event "Titled Tuesday intern op 13th Feb Early"]
[Site "Chess.com INT"]
[Date "2024.02.13"]
[Round "1"]
[White "Iljin, Timofey"]
[Black "Materia, Marco"]
[Result "0-1"]
[WhiteElo "2285"]
[BlackElo "2434"]
[PlyCount "154"]
[EventDate "2024.02.13"]
[EventType "swiss (blitz)"]
[EventRounds "11"]
[EventCountry "USA"]
[SourceTitle "CB08_2024"]
[SourceDate "2024.02.21"]
[SourceVersion "1"]
[SourceVersionDate "2024.02.21"]
[SourceQuality "1"]

1. e4 c5 2. c3 d5 3. exd5 Qxd5 4. d4 Nf6 5. Nf3 e6 6. Be3 Nc6 7. Bd3 cxd4 8. cxd4 Be7 9. Nc3 Qd8 10. 0-0 0-0 11. Bb1 b6 12. Re1 Bb7 13. a3 Rc8 14. Qd3 g6 15. Bh6 Re8 16. Ba2 Bf8 17. Bg5 h6 18. Bh4 Bg7 19. Rad1 Ne7 20. Ne5 Nf5 21. Bg3 Nd5 22. Ne4 h5 23. h4 Bh6 24. Kh2 Bf4 25. Nf3 Nxh4 26. Bxd5 exd5 27. Nc3 Bxg3+ 28. fxg3 Nf5 29. Ne5 Qg5 30. Rf1 Kg7 31. Nb5 Ba6 32. a4 Re7 33. Qf3 Bxb5 34. axb5 Ne3 35. Nxf7 Ng4+ 36. Kh1 Qe3 37. Ne5 Qxf3 38. Rxf3 Nxe5 39. dxe5 Rxe5 40. Rfd3 Rd8 41. Kg1 Rd7 42. Rd4 Kf7 43. b4 Ke6 44. Kf2 Re4 45. Rxe4+ dxe4 46. Rxd7 Kxd7 47. Ke3 Kd6 48. Kxe4 Ke6 49. Kf4 Kf6 50. Ke4 Kg5 51. Kf3 Kf5 52. g4+ hxg4+ 53. Kf2 Kf4 54. g3+ Ke4 55. Ke2 g5 56. Kf2 Kd3 57. Kg2 Ke3 58. Kh2 Kf3 59. Kg1 Kxg3 60. Kh1 Kf4 61. Kg2 Ke4 62. Kg3 Kd4 63. Kxg4 Kc4 64. Kxg5 Kxb4 65. Kf4 Kxb5 66. Ke4 Kc4 67. Ke3 Kc3 68. Ke4 b5 69. Kd5 b4 70. Kc5 b3 71. Kc6 b2 72. Kb7 b1Q+ 73. Ka8 Qb5 74. Kxa7 Kc4 75. Ka8 Kc5 76. Ka7 Kc6 77. Ka8 Qb7# 0-1

[Event "Titled Tuesday intern op 13th Feb Early"]
[Site "Chess.com INT"]
[Date "2024.02.13"]
[Round "4"]
[White "Korobov, Anton"]
[Black "Materia, Marco"]
[Result "1-0"]
[WhiteElo "2666"]
[BlackElo "2434"]
[PlyCount "141"]
[EventDate "2024.02.13"]
[EventType "swiss (blitz)"]
[EventRounds "11"]
[EventCountry "USA"]
[SourceTitle "CB08_2024"]
[SourceDate "2024.02.21"]
[SourceVersion "1"]
[SourceVersionDate "2024.02.21"]
[SourceQuality "1"]

1. c4 e6 2. Nf3 d5 3. g3 Nf6 4. Bg2 Be7 5. 0-0 0-0 6. d4 Nbd7 7. Qc2 c6 8. Nbd2 b6 9. e4 dxc4 10. Nxc4 Ba6 11. b3 c5 12. d5 exd5 13. exd5 b5 14. Nce5 Nxe5 15. Nxe5 Bd6 16. Nc6 Qb6 17. Bb2 Nd7 18. Qf5 Bc8 19. Qh5 f5 20. Rae1 Bb7 21. Re6 Qc7 22. Bxg7 Kxg7 23. Qh6+ Kh8 24. Rxd6 Rae8 25. Rg6 Nb6 26. Rg5 Qf7 27. Qd6 c4 28. h4 f4 29. Nxa7 Nd7 30. Nxb5 f3 31. Bh3 Nf6 32. Be6 Qe7 33. Qxe7 Rxe7 34. bxc4 Ne4 35. Nd6 Nxd6 36. Rc1 Ne4 37. Re5 Nc5 38. Re3 Rf6 39. Rce1 Kg7 40. Bg4 Rxe3 41. Rxe3 Ba6 42. Rxf3 Rxf3 43. Bxf3 Bxc4 44. a3 Kf6 45. Kh2 Ke5 46. h5 Nd3 47. Kg1 Ne1 48. Bh1 Bb3 49. f4+ Kd6 50. h6 Nc2 51. Be4 Nxa3 52. Bxh7 Bxd5 53. Bg6 Bg8 54. h7 Bxh7 55. Bxh7 Nc4 56. Kf2 Ke7 57. Kf3 Nd6 58. Bd3 Kf6 59. g4 Nf7 60. Bc4 Nd6 61. g5+ Kg6 62. Bd3+ Kg7 63. Kg4 Ne8 64. f5 Nc7 65. f6+ Kf8 66. Kf5 Nd5 67. g6 Ne3+ 68. Kg5 Kg8 69. Be4 Kh8 70. g7+ Kg8 71. Kg6 1-0

[Event "Titled Tuesday intern op 13th Feb Early"]
[Site "Chess.com INT"]
[Date "2024.02.13"]
[Round "3"]
[White "Materia, Marco"]
[Black "Taboas Rodriguez, Daniel"]
[Result "1-0"]
[WhiteElo "2434"]
[BlackElo "2360"]
[PlyCount "45"]
[EventDate "2024.02.13"]
[EventType "swiss (blitz)"]
[EventRounds "11"]
[EventCountry "USA"]
[SourceTitle "CB08_2024"]
[SourceDate "2024.02.21"]
[SourceVersion "1"]
[SourceVersionDate "2024.02.21"]
[SourceQuality "1"]

1. Nf3 Nf6 2. c4 g6 3. Nc3 Bg7 4. d4 0-0 5. Bg5 b6 6. e4 Bb7 7. Bd3 d6 8. 0-0 Nbd7 9. b4 h6 10. Bh4 Nh5 11. Bc2 a5 12. b5 g5 13. Bg3 e5 14. Nd5 exd4 15. Nxd4 Nxg3 16. hxg3 Bxd5 17. exd5 Qf6 18. Nf5 Qxa1 19. Nxh6+ Kh8 20. Qh5 Nf6 21. Qh3 Qc3 22. Nf5+ Kg8 23. Ne7# 1-0

[Event "Titled Tuesday intern op 13th Feb Early"]
[Site "Chess.com INT"]
[Date "2024.02.13"]
[Round "2"]
[White "Materia, Marco"]
[Black "Veljanoski, Andrej"]
[Result "1-0"]
[WhiteElo "2434"]
[BlackElo "2290"]
[PlyCount "61"]
[EventDate "2024.02.13"]
[EventType "swiss (blitz)"]
[EventRounds "11"]
[EventCountry "USA"]
[SourceTitle "CB08_2024"]
[SourceDate "2024.02.21"]
[SourceVersion "1"]
[SourceVersionDate "2024.02.21"]
[SourceQuality "1"]

1. Nf3 b6 2. c4 Bb7 3. Nc3 Nf6 4. g3 g6 5. Bg2 Bg7 6. 0-0 0-0 7. d4 d6 8. Qd3 Nbd7 9. e4 e5 10. d5 h6 11. Be3 Nh5 12. Qd2 Kh7 13. b4 f5 14. exf5 gxf5 15. Qc2 Kg8 16. Bh3 f4 17. Be6+ Rf7 18. Qg6 Qf6 19. Qxh5 fxe3 20. fxe3 Raf8 21. Nh4 Qg5 22. Qxg5 hxg5 23. Ng6 Bf6 24. Nxf8 Kxf8 25. Bxf7 Kxf7 26. Ne4 Kg6 27. a4 a6 28. Ra2 b5 29. axb5 axb5 30. Ra7 bxc4 31. Rxb7 1-0

[Event "Titled Tuesday intern op 13th Feb Early"]
[Site "Chess.com INT"]
[Date "2024.02.13"]
[Round "5"]
[White "Toman, Ondrej"]
[Black "Materia, Marco"]
[Result "1-0"]
[WhiteElo "2276"]
[BlackElo "2434"]
[PlyCount "75"]
[EventDate "2024.02.13"]
[EventType "swiss (blitz)"]
[EventRounds "11"]
[EventCountry "USA"]
[SourceTitle "CB08_2024"]
[SourceDate "2024.02.21"]
[SourceVersion "1"]
[SourceVersionDate "2024.02.21"]
[SourceQuality "1"]

1. d4 Nf6 2. Bg5 d5 3. e3 Bg4 4. f3 Bf5 5. Bd3 Bxd3 6. Qxd3 Nbd7 7. f4 e6 8. Nd2 Be7 9. Ngf3 c5 10. c3 Qb6 11. 0-0-0 h6 12. Bxf6 Nxf6 13. Ne5 cxd4 14. exd4 Nd7 15. Ndf3 Nxe5 16. Nxe5 0-0 17. Nd7 Qd6 18. Nxf8 Qxf4+ 19. Qd2 Qxd2+ 20. Kxd2 Rxf8 21. Kd3 b5 22. a4 bxa4 23. Ra1 Rb8 24. Rhb1 a3 25. bxa3 Rc8 26. Rb7 Bd6 27. Rxa7 Bxh2 28. Rb7 e5 29. a4 e4+ 30. Kc2 Bg3 31. a5 Bf2 32. Kd2 e3+ 33. Kd3 Bg3 34. a6 Bf4 35. a7 Ra8 36. Rf1 g5 37. Rxf4 gxf4 38. Rb8+ 1-0

[Event "Titled Tuesday intern op 06th Feb Early"]
[Site "Chess.com INT"]
[Date "2024.02.06"]
[Round "6"]
[White "Santos Flores, Alberto Javier"]
[Black "Materia, Marco"]
[Result "0-1"]
[WhiteElo "2183"]
[BlackElo "2434"]
[PlyCount "74"]
[EventDate "2024.02.06"]
[EventType "swiss (blitz)"]
[EventRounds "11"]
[EventCountry "USA"]
[SourceTitle "CB07_2024"]
[SourceDate "2024.02.14"]
[SourceVersion "1"]
[SourceVersionDate "2024.02.14"]
[SourceQuality "1"]

1. e4 c5 2. Nf3 e6 3. g3 Nc6 4. Bg2 Nf6 5. Qe2 d5 6. exd5 Nxd5 7. 0-0 Be7 8. Rd1 Nc7 9. d4 cxd4 10. c3 Bf6 11. Be3 Nd5 12. Bxd4 Nxd4 13. Nxd4 0-0 14. Na3 Bd7 15. Nc4 Ba4 16. Rd2 Qc7 17. Ne3 Nxe3 18. Qxe3 Rfd8 19. b3 Be8 20. Rad1 Rac8 21. c4 a6 22. h4 b5 23. cxb5 axb5 24. Nf3 h6 25. Rxd8 Rxd8 26. Rxd8 Qxd8 27. Qd2 Qc7 28. Qd3 Qc5 29. Nd2 Qc1+ 30. Kh2 Qb2 31. Ne4 Bd4 32. f4 Bc6 33. Kh3 Kf8 34. Bf3 Ke7 35. Nd2 Bd7 36. Be4 Qxa2 37. Qxd4 e5+ 0-1

[Event "Titled Tuesday intern op 09th Jan Early"]
[Site "Chess.com INT"]
[Date "2024.01.09"]
[Round "6"]
[White "Carnicelli, Valerio"]
[Black "Materia, Marco"]
[Result "0-1"]
[WhiteElo "2427"]
[BlackElo "2430"]
[PlyCount "62"]
[EventDate "2024.01.09"]
[EventType "swiss (blitz)"]
[EventRounds "11"]
[EventCountry "USA"]
[SourceTitle "CB03_2024"]
[SourceDate "2024.01.17"]
[SourceVersion "1"]
[SourceVersionDate "2024.01.17"]
[SourceQuality "1"]

1. b3 d5 2. Bb2 Nc6 3. e3 e5 4. Bb5 Bd6 5. c4 Nge7 6. c5 Bxc5 7. Bxe5 0-0 8. Bb2 d4 9. Nf3 Bg4 10. h3 Bh5 11. 0-0 a6 12. Bxc6 Nxc6 13. e4 Qd7 14. d3 f5 15. e5 Bxf3 16. Qxf3 Nxe5 17. Qd1 f4 18. f3 Rae8 19. b4 Ba7 20. Nd2 Kh8 21. Ne4 Qb5 22. Qb3 Qxd3 23. Rfd1 Qxb3 24. axb3 Nc6 25. Kf1 Rf5 26. Ba3 Rb5 27. Rac1 Bb6 28. Nd2 Nxb4 29. Nc4 Nd5 30. Re1 Ne3+ 31. Kf2 Rxb3 0-1

[Event "Titled Tuesday intern op 19th Dec Early"]
[Site "Chess.com INT"]
[Date "2023.12.19"]
[Round "6"]
[White "Materia, Marco"]
[Black "Kononenko, Dmitry1"]
[Result "1-0"]
[WhiteElo "2426"]
[BlackElo "2251"]
[PlyCount "89"]
[EventDate "2023.12.19"]
[EventType "swiss (blitz)"]
[EventRounds "11"]
[EventCountry "USA"]
[SourceTitle "CB52_2023"]
[SourceDate "2023.12.27"]
[SourceVersion "1"]
[SourceVersionDate "2023.12.27"]
[SourceQuality "1"]

1. d4 d5 2. c4 c6 3. Nf3 Nf6 4. Nc3 e6 5. e3 Nbd7 6. Bd3 dxc4 7. Bxc4 b5 8. Bd3 a6 9. 0-0 c5 10. a4 b4 11. Ne2 Bb7 12. Ng3 Be7 13. b3 cxd4 14. Nxd4 Nc5 15. Bc4 0-0 16. Bb2 Nd5 17. Rc1 Bf6 18. Nh5 Nc3 19. Bxc3 bxc3 20. Nxf6+ gxf6 21. Rxc3 Kh8 22. Qh5 Ne4 23. Rd3 Qe7 24. f3 Nd6 25. Rc3 Rg8 26. Bd3 f5 27. Rfc1 Rg5 28. Qh3 Rag8 29. Bf1 Qf6 30. Rc7 e5 31. Nc6 Ba8 32. f4 R5g6 33. fxe5 Qe6 34. exd6 Rh6 35. Qf3 Qxd6 36. Qf4 Qd2 37. Qxh6 Qxc1 38. Rxf7 Rxg2+ 39. Kxg2 Bxc6+ 40. Kg3 Qe1+ 41. Kf4 Qf2+ 42. Ke5 Qb2+ 43. Kd6 Qd2+ 44. Kxc6 Qc3+ 45. Bc4 1-0

[Event "Titled Tuesday intern op 12th Dec Early"]
[Site "Chess.com INT"]
[Date "2023.12.12"]
[Round "4"]
[White "Kozusek, Daniel"]
[Black "Materia, Marco"]
[Result "0-1"]
[WhiteElo "2365"]
[BlackElo "2426"]
[PlyCount "46"]
[EventDate "2023.12.12"]
[EventType "swiss (blitz)"]
[EventRounds "11"]
[EventCountry "USA"]
[SourceTitle "CB51_2023"]
[SourceDate "2023.12.20"]
[SourceVersion "1"]
[SourceVersionDate "2023.12.20"]
[SourceQuality "1"]

1. d4 Nf6 2. c4 e6 3. Nf3 d5 4. Nc3 Be7 5. Bf4 0-0 6. e3 Nbd7 7. c5 c6 8. Bd3 b6 9. b4 bxc5 10. bxc5 Qa5 11. Qd2 Ba6 12. Nxd5 Qxd2+ 13. Kxd2 Nxd5 14. Bxa6 Nxf4 15. exf4 Rfd8 16. Kc3 Rab8 17. Rab1 Nf6 18. Bc4 Ne4+ 19. Kc2 Nxf2 20. Rxb8 Rxb8 21. Rf1 Ng4 22. Kc3 Ne3 23. Rf2 Nd1+ 0-1

[Event "Titled Tuesday intern op 12th Dec Early"]
[Site "Chess.com INT"]
[Date "2023.12.12"]
[Round "3"]
[White "Materia, Marco"]
[Black "Belov, Alexei"]
[Result "0-1"]
[WhiteElo "2426"]
[BlackElo "2421"]
[PlyCount "80"]
[EventDate "2023.12.12"]
[EventType "swiss (blitz)"]
[EventRounds "11"]
[EventCountry "USA"]
[SourceTitle "CB51_2023"]
[SourceDate "2023.12.20"]
[SourceVersion "1"]
[SourceVersionDate "2023.12.20"]
[SourceQuality "1"]

1. Nf3 d5 2. e3 Nf6 3. c4 e6 4. Nc3 Be7 5. b3 0-0 6. Bb2 c5 7. cxd5 exd5 8. d4 Nc6 9. Be2 cxd4 10. Nxd4 Bc5 11. Nxc6 bxc6 12. 0-0 Bd6 13. Rc1 Bd7 14. Na4 Ne4 15. Bf3 Re8 16. Bxe4 Qh4 17. Bxh7+ Qxh7 18. g3 Qe4 19. Qd4 Qg6 20. Nc5 Bh3 21. Rfe1 Be5 22. Qd2 Qf6 23. f4 Bxb2 24. Rc2 Ba3 25. Qa5 Bf5 26. Rg2 Bxc5 27. Qxc5 Be4 28. Rd2 a5 29. Rc1 Re6 30. Qd4 Qe7 31. Qc5 Qxc5 32. Rxc5 a4 33. b4 a3 34. b5 cxb5 35. Rxb5 Rc6 36. Kf2 Rc2 37. Rbxd5 Bxd5 38. Rxc2 Rb8 39. e4 Rb2 40. Re2 Bxa2 0-1